000 00822nam a22002777a 4500
001 0004683
003 KOHA_MİRAKIL
005 20260207001422.0
007 ta
008 090508b1993 nyua|||gr||||#||||0|eng |
020 _a0471512419
_q(alk. paper)
040 _aTR-BiSEU
_btur
_cTR-BiSEU
_erda
041 0 _aeng
044 _cnyu
050 _aTA351
_b.R55 1993
100 1 _aRiley, William F..
245 1 _aEngineering mechanics :
_bstatics/
_cWilliam F. Riley ; William F. Riley, Leroy D. Sturges.
264 1 _aNew York :
_bWiley
_c1993
300 _axix, 600 sayfa :
_bcol. res.
336 _ametin
_btxt
_2rdacontent
337 _aaracısız
_bn
_2rdamedia
338 _acilt
_bnc
_2rdacarrier
500 _aIncludes bibliographical references and index.
650 0 _aStatics.
_91569
942 _2lcc
_cBK
999 _c4665
_d4665